A gay diary, 1933-1946 /

Saved in:
Bibliografiske detaljer
Hovedforfatter: Vining, Donald (Author)
Format: Bog
Sprog:engelsk
Udgivet: New York : Hard Candy Books, [1996]
Tags: Tilføj Tag
Ingen Tags, Vær først til at tagge denne postø!

MARC

LEADER 00000nam a22000007i 4500
001 IT\ICCU\UBO\2249309
003 ItRI
005 20260115231835.0
008 030716s1996 xxu|||||| ||||| |||||c
020 |a 1563334518 
040 |b ita  |c importazione bologna sebina 
041 7 |a eng  |2 ISO-639-2 
100 1 |a Vining, Donald  |0 IT\ICCU\UBOV\813644  |4 aut 
245 1 2 |a A gay diary, 1933-1946 /  |c Donald Vining. 
260 |a New York :  |b Hard Candy Books,  |c [1996] 
300 |a 592 p. ;  |c 18 cm. 
942 |2 ddc  |c BK  |n 0 
952 |0 0  |1 0  |4 0  |6 DOC_306_766000000000000_VIN  |7 0  |9 13952  |a BO  |b BO  |d 2026-01-15  |i 7458  |l 0  |o DOC 306.766 VIN  |p BO7458  |r 2026-01-15 23:18:35  |w 2026-01-15  |x [Sebina 5] [1 v.]  |y BK  |z 1 v. 
999 |c 12012  |d 12012